|
|
|
|
| LEADER |
00000caa a2200000 c 4500 |
| 001 |
898616611 |
| 003 |
DE-627 |
| 005 |
20220608101432.0 |
| 007 |
tu |
| 008 |
170929s2017 xx ||||| 00| ||ger c |
| 020 |
|
|
|a 9783785912058
|
| 035 |
|
|
|a (DE-627)898616611
|
| 035 |
|
|
|a (DE-599)GBV898616611
|
| 040 |
|
|
|a DE-627
|b ger
|c DE-627
|e rda
|
| 041 |
|
|
|a ger
|
| 084 |
|
|
|a 1
|2 ssgn
|
| 100 |
1 |
|
|e VerfasserIn
|0 (DE-588)133773825
|0 (DE-627)584064861
|0 (DE-576)300090722
|4 aut
|a Lingen, Jan von
|d 1962-
|
| 109 |
|
|
|a Lingen, Jan von 1962-
|
| 245 |
1 |
0 |
|a "Vom Himmel hoch" - Luthers himmlisches Lied
|c Jan von Lingen
|
| 264 |
|
1 |
|c 2017
|
| 336 |
|
|
|a Text
|b txt
|2 rdacontent
|
| 337 |
|
|
|a ohne Hilfsmittel zu benutzen
|b n
|2 rdamedia
|
| 338 |
|
|
|a Band
|b nc
|2 rdacarrier
|
| 773 |
0 |
8 |
|i Enthalten in
|t Reformation erinnern, predigen und feiern
|b 2. Auflage
|d Hannover : LVH, Lutherisches Verlagshaus, 2017
|g (2017), Seite 522-526
|h 620 Seiten
|w (DE-627)893599115
|w (DE-576)489000479
|z 9783785912058
|z 3785912056
|7 nnam
|
| 773 |
1 |
8 |
|g year:2017
|g pages:522-526
|
| 951 |
|
|
|a AR
|
| ELC |
|
|
|b 1
|
| ORI |
|
|
|a SA-MARC-ixtheo_oa001.raw
|